| 000 | 00601nam a22002057a 4500 | ||
|---|---|---|---|
| 003 | OSt | ||
| 005 | 20140310182940.0 | ||
| 008 | 130202t xxu||||| |||| 00| 0 eng d | ||
| 020 | _a9715844200 | ||
| 050 |
_aPL6055 _b.Al366 2005 |
||
| 082 |
_aFIL 808.0427 _bP14 2005 |
||
| 245 |
_aPagbasa at pagsulat tungo sa pananaliksik _cAlej, Carmelita T.; Astorg, Eriberto R.; Mangahis, Josefina C. |
||
| 260 |
_aManila _bC & E Publishing _cc2005 |
||
| 300 |
_a279 p. _c22 cm. _b ill. |
||
| 521 | _acollege students | ||
| 526 | _c1210L-1700L | ||
| 541 | _j1 | ||
| 562 | _e1 | ||
| 942 |
_2lcc _cBK _kFIL |
||
| 999 |
_c17695 _d17695 |
||